La princesa prometida = The Princess Bride /

Guardado en:
Detalles Bibliográficos
Autor principal: Reiner, Rob (realización)
Otros autores: Goldman, William (guión) (guión), Biddle, Adrian (fotógrafo) (fotógrafo), Dalton, Phyllis (vestuario) (vestuario), Leighton, Robert (montaje) (montaje), Knopfler, Mark (música) (música), Elwes, Cary (actuación) (actuación), Patinkin, Mandy (actuación) (actuación), Sarandon, Chris (actuación) (actuación), Reiner, Rob (comentarios) (comentarios), Goldman, William (comentarios) (comentarios), Schwarz, Jeffrey (realización) (realización), Coleman, Steve (fotógrafo) (fotógrafo), Rosenbluh, Erik (montaje) (montaje)
Formato: Audiovisual
Idioma:Inglés
Publicado: EUA : Los Angeles, EUA : The Princess Bride ; Automat Pictures, c1987-2001
Edición:Edición especial
Temas:
Etiquetas: Agrega una etiqueta
Sin etiquetas, Sé el primero en etiquetar este registro!

MARC

LEADER 00000ngm^a2200000^a^4500
001 000184422
005 20251020000000.0
009 20260310102115.872
020 |a 0-7928-5076-9 
037 |a Acervo ITESO - Biblioteca 
041 |a ING 
082 |a 808. 899282  |b REI 
100 |a Reiner, Rob  |e (realización) 
240 1 4 |a [El pirata y la princesa] 
245 1 3 |a La princesa prometida =  |b The Princess Bride /  |c Realización de R. Reiner. 
246 2 |a Título en México: El pirata y la princesa 
246 2 |a Título alternativo en español (Argentina y España): La princesa prometida 
246 2 |a Título alternativo en español (Colombia): El rapto de la princesa 
246 2 |a Título alternativo en español (Venezuela): Caballero negro 
246 2 |a Título en la pantalla: La princesa prometida 
246 2 |a Título en la cubierta: The Princess Bride 
250 |a Edición especial 
264 4 |a EUA :  |b The Princess Bride ;  |a Los Angeles, EUA :  |b Automat Pictures,  |c c1987-2001 
264 2 |a Santa Mónica, EUA :  |b Metro-Goldwyn-Mayer [distribución],  |c 2001, c2001 
300 |a 1 DVD región 1 (98, 27 min.) :  |b color +  |e 1 folleto (8 p.) 
336 |a imagen móvil bidimensional  |b tdi  |2 rdacontenido 
337 |a video  |b v  |2 rdamedio 
338 |a videodisco  |b vd  |2 rdasoporte 
500 |a Basado en: La princesa prometida, de William Goldman 
530 |a Existe una edición en formato audiovisual en blu-ray con el título: The Princess Bride 
546 |a En inglés, con subtítulos opcionales: español, francés, inglés 
546 |a Doblaje opcional: español 
586 |a Registro Nacional de Cine de la Biblioteca del Congreso: Declaraciones de 2016 
586 |a 50 Películas que debes haber visto a los 14 años: Encuesta del Instituto Británico de Cine (2005) 
649 |a XX 
650 |a Cineastas Norteamericanos 
650 |a Príncipes en el Cine 
650 |a Piratas en el Cine 
650 |a Mujeres en el Cine 
650 |a Películas Infantiles 
650 |a Cine de Aventuras 
650 |a Cine Fantástico 
650 |a Comedias Cinematográficas 
650 |a Cine Norteamericano -  |y 1980-1989 
650 |a Cine Norteamericano -  |y Siglo XX 
650 |a Cine Norteamericano -  |x Historia y Crítica 
650 |a Novela Norteamericana -  |x Adaptaciones para Cine 
650 |a Literatura Infantil -  |z EUA -  |x Adaptaciones para Cine 
650 |a Literatura Norteamericana -  |y Siglo XX -  |x Adaptaciones para Cine 
650 |a Literatura y Cine 
650 |a Narración de Cuentos 
650 |a Lectura Oral 
650 |a Esponsales 
650 |a Amor 
650 |a Relaciones de Pareja 
650 |a Relaciones Intergénero 
650 |a Reiner, Rob 
700 |a Goldman, William  |e (guión) 
700 |a Biddle, Adrian  |e (fotógrafo) 
700 |a Dalton, Phyllis  |e (vestuario) 
700 |a Leighton, Robert  |e (montaje) 
700 |a Knopfler, Mark  |e (música) 
700 |a Elwes, Cary  |e (actuación) 
700 |a Patinkin, Mandy  |e (actuación) 
700 |a Sarandon, Chris  |e (actuación) 
700 |a Reiner, Rob  |e (comentarios) 
700 |a Goldman, William  |e (comentarios) 
700 |a Schwarz, Jeffrey  |e (realización) 
700 |a Coleman, Steve  |e (fotógrafo) 
700 |a Rosenbluh, Erik  |e (montaje) 
740 0 |a As You Wish :  |b The Story of the Princess Bride /  |c Realización de J. Schwarz. 
910 |a Fondo General 
920 |a Audiovisuales - DVDs 
940 |a Películas 
905 |a 308 
901 |a 0500105064  |b IT2  |c DVR  |u 20250521 
901 |a 0500105063  |b IT2  |c MIN  |u 20251020 
902 |a https://opac.biblio.iteso.mx/vufind/Record/000184422